Statistics for Countries, US States, Capitals, Elements, 100 Most Common Words: Starting with J

Click here to take the quiz!

General Stats

  • This quiz has been taken 8,745 times
  • The average score is 7 of 10

Answer Stats

ANSWER% Correct
Japan
89%
Jamaica
88%
Jordan
87%
Jakarta
78%
Jerusalem
70%
Just
67%
Jackson
63%
Juba
62%
Juneau
55%
Jefferson City
47%

Score Distribution

Percentile by Number Answered

Percent of People with Each Score

Your Score History

You have not taken this quiz